عرض عادي
عرض مارك
- Law and literature
مدخل مصطلح موضوعي
001 - رقم الضبط
- حقل الضبط: 7537
003 - معرف رقم الضبط
- حقل الضبط: OSt
005 - تاريخ ووقت أخر عملية
- حقل الضبط: 20111210094320.0
008 - عناصر بيانات ثابتة الطول
- حقل تحكم ثابت الطول: 111210|||a|||||| | ||| d
040 ## - مصدر الفهرسة
- هيئة الفهرسة الأصلية: OSt
- وكالة الكتابة: OSt
150 ## - مدخل-- مصطلح تاريخي
- عنصر مدخل المصطلح الموضوعي او الاسم الجغرافي: Law and literature
- تفريع جغرافي: Great Britain
- تفريع عام: History
- تقسيم فرعي تاريخي: 20th century.
670 ## - بيانات المصدر موجوده
- الاستشهاد بالمصدر: Work cat.: (OSt)20630: Latham, Sean, 1971- 7536, The art of scandal :, 2009.
